Calculus / (Record no. 25800)

MARC details
000 -LEADER
fixed length control field 01126cam a22003495a 4500
001 - CONTROL NUMBER
control field 3416658
003 - CONTROL NUMBER IDENTIFIER
control field EG-ScBUE
005 - DATE AND TIME OF LATEST TRANSACTION
control field 20241120112346.0
008 - FIXED-LENGTH DATA ELEMENTS--GENERAL INFORMATION
fixed length control field 900611t1991 caua f b 001 0 eng d
020 ## - INTERNATIONAL STANDARD BOOK NUMBER
International Standard Book Number 0534435386
020 ## - INTERNATIONAL STANDARD BOOK NUMBER
International Standard Book Number 9780534435387
040 ## - CATALOGING SOURCE
Original cataloging agency DLC
Language of cataloging eng
Description conventions rda
Transcribing agency DLC
Modifying agency DLC
-- EG-ScBUE
082 04 - DEWEY DECIMAL CLASSIFICATION NUMBER
Classification number 515.15
Item number SWO
Edition number 22
100 1# - MAIN ENTRY--PERSONAL NAME
Personal name Swokowski, Earl William,
Dates associated with a name 1926-
Relator term author.
9 (RLIN) 33349
245 10 - TITLE STATEMENT
Title Calculus /
Statement of responsibility, etc Earl W. Swokowski, Marquette University.
250 ## - EDITION STATEMENT
Edition statement Fifth edition.
250 ## - EDITION STATEMENT
Edition statement Classic edition.
264 #1 - PUBLICATION, DISTRIBUTION, ETC. (IMPRINT)
Place of publication, distribution, etc Belmont, CA :
Name of publisher, distributor, etc Brooks/Cole,
Date of publication, distribution, etc [1991]
264 #4 - PUBLICATION, DISTRIBUTION, ETC. (IMPRINT)
Date of publication, distribution, etc c1991
300 ## - PHYSICAL DESCRIPTION
Extent 1 volume (various pagings) :
Other physical details illustrations (some color) ;
Dimensions 26 cm
336 ## - CONTENT TYPE
Source rdacontent
Content type term text
Content type code txt
337 ## - MEDIA TYPE
Source rdamedia
Media type term unmediated
Media type code n
338 ## - CARRIER TYPE
Source rdacarrier
Carrier type term volume
Carrier type code nc
500 ## - GENERAL NOTE
General note Rev. ed. of: Calculus with analytic geometry. 4th ed. c1988.
504 ## - BIBLIOGRAPHY, ETC. NOTE
Bibliography, etc Includes bibliographical references and index.
650 #7 - SUBJECT ADDED ENTRY--TOPICAL TERM
Topical term or geographic name as entry element Calculus.
Source of heading or term BUEsh
9 (RLIN) 2017
650 #7 - SUBJECT ADDED ENTRY--TOPICAL TERM
Topical term or geographic name as entry element Geometry, Analytic.
Source of heading or term BUEsh
651 ## - SUBJECT ADDED ENTRY--GEOGRAPHIC NAME
Source of heading or term BUEsh
653 ## - INDEX TERM--UNCONTROLLED
Resource For college Generalities
Arrived date list December2017
655 ## - INDEX TERM--GENRE/FORM
Form subdivision Reading book
9 (RLIN) 34232
942 ## - ADDED ENTRY ELEMENTS (KOHA)
Source of classification or shelving scheme Dewey Decimal Classification
Koha item type Book - Borrowing
Holdings
Withdrawn status Lost status Source of classification or shelving scheme Damaged status Not for loan Collection code Home library Current library Shelving location Date acquired Source of acquisition Total Checkouts Total Renewals Full call number Barcode Date last seen Date checked out Price effective from Koha item type Checked out
    Dewey Decimal Classification     Baccah Central Library Central Library First floor 07/10/2010 Purchase 4 59 515.15 SWO 000006320 15/07/2025 01/11/2014 10/10/2007 Book - Borrowing  
    Dewey Decimal Classification     Baccah Central Library Central Library First floor 07/10/2010 Purchase 11 67 515.15 SWO 000006314 15/07/2025 28/09/2019 10/10/2007 Book - Borrowing  
    Dewey Decimal Classification     Baccah Central Library Central Library First floor 07/10/2010 Purchase 4 1 515.15 SWO 000006313 15/07/2025 20/10/2016 10/10/2007 Book - Borrowing  
    Dewey Decimal Classification     Baccah Central Library Central Library First floor 07/10/2010 Purchase 8 53 515.15 SWO 000006312 15/07/2025 09/12/2024 10/10/2007 Book - Borrowing  
    Dewey Decimal Classification     Baccah Central Library Central Library First floor 07/10/2010 Purchase 7 66 515.15 SWO 000006311 15/07/2025 14/03/2023 10/10/2007 Book - Borrowing  
    Dewey Decimal Classification     Baccah Central Library Central Library First floor 07/10/2010 Purchase 12 23 515.15 SWO 000006310 15/07/2025 28/09/2019 10/10/2007 Book - Borrowing  
    Dewey Decimal Classification     Baccah Central Library Central Library First floor 07/10/2010 Purchase 4 18 515.15 SWO 000006309 15/07/2025 09/10/2019 10/10/2007 Book - Borrowing  
    Dewey Decimal Classification     Baccah Central Library Central Library First floor 07/10/2010 Purchase 11 12 515.15 SWO 000006179 15/07/2025 23/09/2021 10/10/2007 Book - Borrowing  
    Dewey Decimal Classification     Baccah Central Library Central Library First floor 07/10/2010 Purchase 2   515.15 SWO 000006189 15/07/2025 06/11/2012 10/10/2007 NB - Book (Non borrowing)  
    Dewey Decimal Classification     Baccah Central Library Central Library First floor 01/04/2009 Purchase 4 20 515.15 SWO 000015510 15/07/2025 03/12/2017 01/04/2009 Book - Borrowing  
    Dewey Decimal Classification     Baccah Central Library Central Library First floor 01/04/2009 Purchase 10 18 515.15 SWO 000015831 15/07/2025 03/04/2017 01/04/2009 Book - Borrowing  
    Dewey Decimal Classification     Baccah Central Library Central Library First floor 25/12/2017 Purchase 1 8 515.15 SWO 000047008 26/03/2025 26/03/2025 25/12/2017 Book - Borrowing 17/05/2025
    Dewey Decimal Classification     Baccah Central Library Central Library First floor 25/12/2017 Purchase 2 19 515.15 SWO 000047009 15/07/2025 04/06/2024 25/12/2017 Book - Borrowing  
    Dewey Decimal Classification     Baccah Central Library Central Library First floor 07/06/2021 Purchase     515.15 SWO 000050287 15/07/2025   07/06/2021 NB - Book (Non borrowing)